Sytuacja gospodarcza w listopadzie 1991 roku.
Dôležitejšie ukazovatele ekonomickej dynamiky v r. 1991. Vo výrobe nastalo určité oživenie aktivity a rast priemernej dennej výroby. Stúpla aj výroba stavebno-montážnych podnikov. V poľnohospodárstve nedošlo k obmedzeniam v predaji poľnohospodárskych produktov. V exporte bol zaznamenaný doteraz nebý...
Guardado en:
| Autor principal: | |
|---|---|
| Formato: | Capítulo de libro |
| Lenguaje: | polaco |
| Materias: | |
| Etiquetas: |
Sin Etiquetas, Sea el primero en etiquetar este registro!
|
MARC
| LEADER | 00000naa a2200000 4500 | ||
|---|---|---|---|
| 001 | r007733 | ||
| 005 | 20221125123032.2 | ||
| 041 | 0 | |a pol | |
| 044 | |a PL | ||
| 245 | 1 | 0 | |a Sytuacja gospodarcza w listopadzie 1991 roku. |c T. Chroscicki |
| 520 | |a Dôležitejšie ukazovatele ekonomickej dynamiky v r. 1991. Vo výrobe nastalo určité oživenie aktivity a rast priemernej dennej výroby. Stúpla aj výroba stavebno-montážnych podnikov. V poľnohospodárstve nedošlo k obmedzeniam v predaji poľnohospodárskych produktov. V exporte bol zaznamenaný doteraz nebývalý príjem USD. Bankové rezervy sú stále vysoké. Rozpočtový deficit sa zvýšil. MO ceny značne stúpli. Miera nezamestnanosti dosiahla 11,1 perc. | ||
| 610 | 2 | 0 | |a rozvoj hospodársky |
| 610 | 2 | 0 | |a 1991 |
| 610 | 2 | 0 | |a PR |
| 610 | 2 | 0 | |a výroba |
| 610 | 2 | 0 | |a poľnohospodárstvo |
| 610 | 2 | 0 | |a vývoz |
| 610 | 2 | 0 | |a rozpočet štátny |
| 610 | 2 | 0 | |a nezamestnanosť |
| 610 | 2 | 0 | |a ceny maloobchodné |
| 100 | 1 | |a Chroscicki, T. | |